| 000 | 01428nam a2200229Ia 4500 | ||
|---|---|---|---|
| 999 |
_c53281 _d53281 |
||
| 001 | 20322 | ||
| 003 | GE_BSU | ||
| 005 | 20200908002433.0 | ||
| 008 | 181216s1988||||ge |||||||||||||| ||geo|| | ||
| 040 | _cGE_BSU | ||
| 041 | _ageo | ||
| 080 | _a811.353.1:821.353.1 წ-57 | ||
| 100 |
_aკეკელიძე, პროკოლე _99431 |
||
| 245 |
_aქართული ენისა და ლიტერატურის სწავლების საკითხები საშუალო სკოლაში ენის შესახებ ი.ბ.სტალინის მოძღვრების შუქზე / _cპროკოლე კეკელიძე ; რედ. ივ. გიგინეიშვილი. |
||
| 264 |
_aთბილისი : _bინსტიტუტის გამომცემლობა, _c1952. |
||
| 300 |
_a181 გვ. ; _c22 სმ. |
||
| 541 | _h1ლ.04თ. | ||
| 653 | _aქართული ენა და ლიტერატურა | ||
| 700 |
_aგიგინეიშვილი, ივ. _eრედაქტორი _99432 |
||
| 710 |
_aსაქართველოს სსრ განათლების სამინისტროს პედაგოგიურ მეცნიერებათა სამეცნიერო-საკვლევი ინსტიტუტი _99433 |
||
| 942 |
_cBK _2udc |
||